00450nam a2200169Ia 4500008004100000100002600041245007200067245002500139260002000164260000900184300001400193440002000207650001300227650001600240650001100256650001300267190717s9999 xx 000 0 und d aWakefield, Francis T. aPhilippine-Russia military exchanged training seen, says Lorenzana/ cFrancis T. Wakefield bManila Bulletin c2018 aAugust 24 aManila Bulletin aMilitary aPhilippines aRussia atraining